• 首页
  • 本馆介绍
  • 公告通知
  • 最新文献
  • 馆藏检索
  • 电子资源
  • 读者导购
  • 参考咨询
  • 我的图书馆
  • 登录
  • 详细信息显示
  • 放入我的书架
  • 预约/预借图书
  • 作者相关作品
  • 分类相关作品
  • 丛书相关作品
  • 出版社相关作品

书目信息

  • 表格格式
  • 工作单格式
  • 卡片格式
题名:
隋唐史话
    
 
作者: 沈起炜 著
分册:  
出版信息: 北京   中国青年出版社  1979
页数: 304页
开本: 19cm
丛书名: 青年文库
单 册:
中图分类: K240.9
科图分类:
主题词: 中国--古代史料--581~1840
电子资源:
ISBN:
000 00647nam2 2200253 45
001 0179007727
005 20060721092325.76
010    @dCNY0.67
091    @a11009.60
100    @a19950724d1979 em y0chiy0121 ea
101 0  @achi
102    @aCN@b110000
105    @ay z 000yy
200 10 @a隋唐史话@Asui tang shi hua@f沈起炜著@FShen Qi Wei Zhu
205    @a2版
210    @a北京@c中国青年出版社@d1979
215    @a304页@d19cm
225 2  @a青年文库
410  0 @120010@a青年文库
606 0  @a中国@x古代史料@z581~1840
690    @aK240.9@v3
701  0 @a沈起炜@Ashen qi wei@4著
801  0 @aCN@bNLC@c20060721
905    @dK240.9@e22=2
    
    隋唐史话/沈起炜著.-2版.-北京:中国青年出版社,1979
    304页;19cm.-(青年文库)
    
    
    ISBN :CNY0.67
    
●
相关链接 在E读中查询图书 在五车中查询图书 在当当中查询图书 在豆瓣中查询图书


正题名:隋唐史话     索取号:K240.9/22=2         预约/预借

序号 登录号 条形码 馆藏地/架位号 状态 备注
1 0057338   202162319   密集书库/ [索取号:K240.9/22=2] 在馆    
2 0057339   001897068   密集书库/ [索取号:K240.9/22=2] 在馆    
3 0057340   002007385   第二借阅区/ [索取号:K240.9/22=2] 在馆    
4 0057341   202162300   密集书库/ [索取号:K240.9/22=2] 在馆    
5 0057342   001288476   密集书库/ [索取号:K240.9/22=2] 在馆    
6 0057343   000640417   密集书库/ [索取号:K240.9/22=2] 在馆    
7 0057344   000640408   密集书库/ [索取号:K240.9/22=2] 在馆    
8 0057345   001288485   密集书库/ [索取号:K240.9/22=2] 在馆    
9 0057346   001896988   密集书库/ [索取号:K240.9/22=2] 在馆    
10 0057347   001897022   密集书库/ [索取号:K240.9/22=2] 在馆    
11 0434733   204347331   密集书库/ [索取号:K240.9/22=2] 在馆    
12 0434734   204347340   密集书库/ [索取号:K240.9/22=2] 在馆    
13 0434735   204347359   密集书库/ [索取号:K240.9/22=2] 在馆    
14 0434736   204347368   密集书库/ [索取号:K240.9/22=2] 在馆    
15 0434737   204347377   密集书库/ [索取号:K240.9/22=2] 在馆    
16 0434738   204347386   密集书库/ [索取号:K240.9/22=2] 在馆    
17 0434739   204347395   密集书库/ [索取号:K240.9/22=2] 在馆    
18 0434740   204347402   密集书库/ [索取号:K240.9/22=2] 在馆    
唐山师范学院图书馆 欢迎您!
大连网信软件有限公司© 版权所有